000 00702nam a2200181Ia 4500
001 1335
003 GE_BSU
008 181216s||||||||xx |||||||||||||| ||und||
040 _cGE_BSU
080 _a331.105.44(479.22)
245 _aპროქესიული კავშირების საქმიანობასთან დაკავშირებული საქართველოს ნორმატიული აქტების კრებული.
260 _aთბილისი
260 _c1999
300 _a251გვ. 19 სმ.
541 _h7ლ.
653 _aნორმატიული აქტების კრებული
942 _cBK
999 _c35476
_d35476